Eva contro Eva
保存先:
| 団体著者: | |
|---|---|
| フォーマット: | 図書 |
| 言語: | 英語 |
| 出版事項: |
Roma
Arcilesbica Roma
2011
|
| タグ: |
タグなし, このレコードへの初めてのタグを付けませんか!
|
MARC
| LEADER | 00000nam a2200000 4500 | ||
|---|---|---|---|
| 005 | 20240605180200.0 | ||
| 008 | 240605b |||||||| |||| 00| 0 eng d | ||
| 040 | |c GP | ||
| 110 | |a Arcilesbica Roma | ||
| 245 | |a Eva contro Eva | ||
| 260 | |a Roma |b Arcilesbica Roma |c 2011 | ||
| 942 | |2 ddc |c BK |n 0 | ||
| 952 | |0 0 |1 0 |2 ddc |4 0 |6 306_766100000000000_ARC |7 1 |9 1356 |a RM |b RM |d 2024-06-05 |l 0 |o 306.7661 ARC |p 187 |r 2024-06-05 18:02:20 |w 2024-06-05 |y BK | ||
| 999 | |c 1246 |d 1246 | ||